Los métodos en pedagogía

Uloženo v:
Podrobná bibliografie
Hlavní autor: Palmade, Guy (autor)
Médium: Kniha
Jazyk:španělština
Vydáno: Buenos Aires Paidos 1964
Edice:Biblioteca del educador contemporaneo, 4
Témata:
Tagy: Přidat tag
Žádné tagy, Buďte první, kdo vytvoří štítek k tomuto záznamu!

MARC

LEADER 00000nam a2200000 a 4500
001 UCW4573
003 CL-VaPUC
008 900530e19640000AG |||||||||||||||||spa|d
082 0 4 |a 371.3  |b PAL  |2 21 
100 |a Palmade, Guy  |e autor  |9 336414 
245 1 4 |a Los métodos en pedagogía 
300 |a 165 p 
942 |c BK 
945 |d 19900530 00:00:00 
260 |a Buenos Aires  |b Paidos  |c 1964 
650 0 |a Pedagogía  |9 255351 
650 0 |a Métodos de enseñanza  |9 270413 
583 |a last modification  |c 19900530 00:00:00  |k Rodrigo Vera 
490 0 |a Biblioteca del educador contemporaneo, 4 
999 |c 218264  |d 218262 
952 |0 0  |1 0  |4 0  |6 371_300000000000000_PAL_1964  |7 0  |8 P  |9 207467  |a BIBEDU  |b BIBEDU  |c BIBEDU_PB  |d 2019-11-15  |i 2752905  |o 371.3 PAL 1964  |p 2752905  |r 2024-01-25  |w 2019-11-15  |y BK  |k EDU 
952 |0 0  |1 0  |4 0  |6 371_300000000000000_PAL_1964  |7 0  |8 P  |9 207468  |a BIBEDU  |b BIBEDU  |c BIBEDU_PB  |d 2019-11-15  |i 2752913  |o 371.3 PAL 1964  |p 2752913  |r 2024-01-25  |w 2019-11-15  |y BK  |k EDU 
952 |0 0  |1 0  |4 0  |6 371_300000000000000_PAL_1964  |7 0  |8 P  |9 207469  |a BIBEDU  |b BIBEDU  |c BIBEDU_PB  |d 2019-11-15  |i 2752921  |o 371.3 PAL 1964  |p 2752921  |r 2024-01-25  |w 2019-11-15  |y BK  |k EDU 
952 |0 0  |1 0  |4 0  |6 371_300000000000000_PAL_1964  |7 0  |8 P  |9 207470  |a BIBEDU  |b BIBEDU  |c BIBEDU_PB  |d 2019-11-15  |i 1547968  |o 371.3 PAL 1964  |p 1547968  |r 2024-01-25  |w 2019-11-15  |y BK  |k EDU 
952 |0 0  |1 0  |4 0  |6 371_300000000000000_PAL_1964  |7 0  |8 P  |9 207471  |a BIBEDU  |b BIBEDU  |c BIBEDU_PB  |d 2019-11-15  |i 4677765  |o 371.3 PAL 1964  |p 4677765  |r 2024-01-25  |w 2019-11-15  |y BK  |k EBA